Largest Cities In Vermont - Statistics

General Stats
  • This quiz has been taken 52 times
  • The average score is 5 of 8
Answer Stats
Pop. City % Correct
42,239 Burlington
98%
7,484 Montpelier
81%
15,440 Rutland
71%
19,141 South Burlington
71%
8,659 Barre
55%
7,237 Winooski
33%
10,691 Essex Junction
31%
6,795 St. Albans
31%
No matching quizzes found
Score Distribution
Percent of People with Each Score
Percentile by Number Answered
Your Score History
You have not taken this quiz